Increasing Geography Chain #2 - Statistics

General Stats
  • This quiz has been taken 97 times
  • The average score is 16 of 28
Answer Stats
# Hint Answer % Correct
1 City in northwestern Spain: _ Coruña A
96%
2 Two letter country code for Canada CA
84%
4 Ancient trade route stretching across Eurasia: ____ Road Silk
83%
6 City you'd go to in order to visit the Acropolis Athens
82%
6 Second oldest university in the world Oxford
81%
7 Includes the regions of Jutland and Sjælland Denmark
80%
9 Highest peak in the Alps Mont Blanc
78%
5 The Suez Canal separates this peninsula from the rest of Africa Sinai
77%
4 US state known for its corn Iowa
76%
13 It had 28 member states until one left in 2020 European Union
75%
10 Only Central American country to not border the Caribbean El Salvador
73%
8 City where the Nile splits into the Blue Nile and the White Nile Khartoum
60%
3 Group of three Dutch territories in the Caribbean: ___ Islands ABC
57%
2 One of the four great capitals of ancient China: Chang'__ an
55%
12 Concord is its capital New Hampshire
55%
7 Driest (hot) desert in the world Atacama
54%
13 Country with the highest beer consumption per capita in the world Czech Republic
54%
14 Northernmost county of England Northumberland
53%
10 Port city in southeastern Bangladesh Chittagong
47%
12 Mexican city that forms a metropolitan area with the US city of El Paso Ciudad Juárez
47%
3 Third largest city in Serbia Niš
42%
8 Japanese city that hosted the final of the 2002 FIFA World Cup Yokohama
35%
11 Second most visited US national park Grand Canyon
30%
15 Largest of the Netherlands' historical colonial possessions Dutch East Indies
29%
9 Second most populous city in South Dakota, located near Mount Rushmore Rapid City
29%
14 One of the six surviving Celtic languages Scottish Gaelic
20%
5 Most populous region of Japan Kanto
12%
11 Chinese city in Hunan and inspiration for the scenery in the movie Avatar Zhangjiajie
10%
No matching quizzes found
Score Distribution
Percent of People with Each Score
Percentile by Number Answered
Your Score History
You have not taken this quiz